Statistiques concernant Minéraux et Roches

Cliquez ici pour prendre le quiz!

Statistiques générales

  • Ce quiz a été pris 256 fois
  • Le résultat moyen est 10 sur 40

Statistiques - réponses

Réponse% Correct
Diamant
79%
Émeraude
75%
Saphir
70%
Quartz
67%
Rubis
66%
Obsidienne
47%
Pyrite
45%
Lapis-lazuli
42%
Jade
36%
Marbre
35%
Malachite
31%
Agate
28%
Basalte
28%
Argile
27%
Turquoise
27%
Aigue-marine
26%
Granite
24%
Grès
19%
Labradorite
19%
Citrine
18%
Ardoise
17%
Calcite
16%
Tourmaline
15%
Silex
14%
Gypse
12%
Ponce
12%
Cyanite
10%
Graphite
9%
Péridot
9%
Bauxite
8%
Mica
8%
Diorite
7%
Talc
6%
Dolomie
5%
Andésite
4%
Grenat
4%
Magnétite
4%
Topaze
3%
Lauze
2%
Porphyre
1%

Distribution des résultats

Percentile par nombre de réponses

% des personnes avec chaque résultat

Votre développement - résultats

Vous n’avez pas pris ce quiz